Name Dropping #37: Best Actor Oscars (1991-2000) - Statistics

General Stats
  • This quiz has been taken 61 times
  • The average score is 18 of 20
Answer Stats
Hint Extra Hint Answer % Correct
Tom BA, 1994, Forrest Gump Hanks
100%
Russell BA, 2000, Gladiator Crowe
98%
Nicolas BA, 1995, Leaving Las Vegas Cage
96%
Anthony BA, 1991, The Silence of the Lambs Hopkins
96%
Tommy Lee BSA, 1993, The Fugitive Jones
96%
Al BA, 1992, Scent of a Woman Pacino
96%
Kevin BA, 1999, American Beauty Spacey
96%
Robin BSA, 1997, Good Will Hunting Williams
96%
Gene BSA, 1992, Unforgiven Hackman
94%
Jack BA, 1997, As Good as It Gets Nicholson
94%
Benicio BSA, 2000, Traffic del Toro
92%
Roberto BA, 1998, Life Is Beautiful Benigni
90%
Tom BA, 1993, Philadelphia Hanks
90%
Cuba BSA, 1996, Jerry Maguire Gooding Jr.
88%
Kevin BSA, 1995, The Usual Suspects Spacey
88%
Geoffrey BA, 1996, Shine Rush
86%
Michael BSA, 1999, The Cider House Rules Caine
82%
James BSA, 1998, Affliction Coburn
76%
Martin BSA, 1994, Ed Wood Landau
76%
Jack BSA, 1991, City Slickers Palance
59%
No matching quizzes found
Score Distribution
Percent of People with Each Score
Percentile by Number Answered
Your Score History
You have not taken this quiz